MAASAI MARA UNIVERSITY

LIBRARY CATALOGUE

Contact Us: +254 020 2685356/7 or 0774 057787

Box: 861-20500, NAROK, KENYA

Email: info@mmarau.ac.ke

The nurse's guide to fluid and electrolyte balance / (Record no. 16959)

MARC details
000 -LEADER
fixed length control field 00845pam a2200265 i 4500
001 - CONTROL NUMBER
control field 3681366
003 - CONTROL NUMBER IDENTIFIER
control field OSt
005 - DATE AND TIME OF LATEST TRANSACTION
control field 20220131024322.0
008 - FIXED-LENGTH DATA ELEMENTS--GENERAL INFORMATION
fixed length control field 780227s1979 nyua b 001 0 eng
010 ## - LIBRARY OF CONGRESS CONTROL NUMBER
LC control number 78002820
020 ## - INTERNATIONAL STANDARD BOOK NUMBER
International Standard Book Number 0070089558
040 ## - CATALOGING SOURCE
Original cataloging agency MMU
Transcribing agency MMU
Modifying agency MMU
Language of cataloging eng
050 00 - LIBRARY OF CONGRESS CALL NUMBER
Classification number RC630
Item number .B87 1979
082 00 - DEWEY DECIMAL CLASSIFICATION NUMBER
Classification number 616.3/9
100 1# - MAIN ENTRY--PERSONAL NAME
Personal name Burgess, Audrey.
245 14 - TITLE STATEMENT
Title The nurse's guide to fluid and electrolyte balance /
Statement of responsibility, etc. Audrey Burgess ; clinical case studies contributed by Delores Phillips Hinds.
250 ## - EDITION STATEMENT
Edition statement 2d ed.
260 ## - PUBLICATION, DISTRIBUTION, ETC. (IMPRINT)
Place of publication, distribution, etc. New York :
Name of publisher, distributor, etc. McGraw-Hill,
Date of publication, distribution, etc. c1979.
300 ## - PHYSICAL DESCRIPTION
Extent x, 483 p. :
Other physical details ill. ;
Dimensions 24 cm.
504 ## - BIBLIOGRAPHY, ETC. NOTE
Bibliography, etc Includes bibliographies and index.
650 #0 - SUBJECT ADDED ENTRY--TOPICAL TERM
Topical term or geographic name as entry element Body Fluid disorders
General subdivision nursing.
700 1# - ADDED ENTRY--PERSONAL NAME
Personal name Hinds, Delores Phillips.
906 ## - LOCAL DATA ELEMENT F, LDF (RLIN)
a 7
b cbc
c orignew
d 1
e ocip
f 19
g y-gencatlg
942 ## - ADDED ENTRY ELEMENTS (KOHA)
Source of classification or shelving scheme Library of Congress Classification
Koha item type L
Holdings
Withdrawn status Lost status Source of classification or shelving scheme Damaged status Not for loan Home library Current library Date acquired Source of acquisition Total Checkouts Full call number Barcode Date last seen Price effective from Koha item type
    Library of Congress Classification     Maasai Mara University Library -Main Campus Maasai Mara University Library -Main Campus 04/11/2016 Donation   RC630 .B87 1979 201210728 04/11/2016 04/11/2016 L
© 2016 Maasai Mara University.